Текст томруулах:    
Manual de investigación‑acción para la evaluación científica en el ámbito administrativo (Бичлэгийн дугаар. 145921)
000 -УДИРДЛАГА
Удирдлага 01180nam a22002657a 4500
003 - ХЯНАЛТЫН ТОО ТОДОРХОЙЛОГЧ
Код MN-UlNUM
005 - БИЧИЛТ ХИЙСЭН ОГНОО
Тухайн бичилтийг бичсэн засварласан сүүлийн огноо 20251212162501.0
008 - ЕРӨНХИЙ МЭДЭЭЛЭЛ
Ерөнхий мэдээлэл 251212s1993 cr a 000 1 speng
020 ## - ISBN
ISBN 9977646791
040 ## - БИЧЛЭГ ҮҮСГЭГЧ БАЙГУУЛЛАГА
Бичлэг үүсгэгч номын сангийн код МУИС-ийн номын сан
084 ## - ББК АНГИЛАЛ
Нэмэлт тусгалт Нэг сэдэвт бүтээл
ББК ангилал 65.050
Зохиогчийн гурван тэмдэгт G 86
Мэдлэгийн ялгаа 65 - Эдийн засаг
100 ## - ЗОХИОГЧ
Зохиогчийн нэр Growther, Warren
245 ## - ҮНДСЭН ГАРЧИГ
Номын нэр Manual de investigación‑acción para la evaluación científica en el ámbito administrativo
260 ## - ГАРАЛТЫН МЭДЭЭ
Хэвлэгдсэн газар San José, Costa Rica
Хэвлэлийн газар Universidad Estatal a Distancia / EUNED
Хэвлэгдсэн он 1993
300 ## - МАТЕРИАЛЫН ТОДОРХОЙЛОЛТ
хуудасны тоо 496 p.
Хэмжээ 27 cm
500 ## - Тайлбар
Дансны дугаар БС 4341
505 ## - Агуулгын тэмдэглэгээ
Агуулгын тэмдэглэгээ “Manual de investigación‑acción para la evaluación científica en el ámbito administrativo” by Warren Crowther is a practical guide on applying action research methods within administrative and managerial contexts. It provides step-by-step instructions for conducting scientific evaluations, collecting and analyzing data, and using research outcomes to improve organizational decision-making and performance.
546 ## - ХЭЛНИЙ ТУХАЙ МЭДЭЭ
Хэл Англи хэл дээр,
653 ## - Түлхүүр үг
Түлхүүр үг administración
653 ## - Түлхүүр үг
Түлхүүр үг scientific evaluation
653 ## - Түлхүүр үг
Түлхүүр үг manuales
653 ## - Түлхүүр үг
Түлхүүр үг organizational assessment
942 ## - ЭЛЕМЕНТИЙН ТӨРӨЛ
Зүйлийн төрөл Ном